<?xml version="1.0" encoding="UTF-8"?>
<record
    xmlns:xsi="http://www.w3.org/2001/XMLSchema-instance"
    xsi:schemaLocation="http://www.loc.gov/MARC21/slim http://www.loc.gov/standards/marcxml/schema/MARC21slim.xsd"
    xmlns="http://www.loc.gov/MARC21/slim">

  <leader>00747caa a22002417a 4500</leader>
  <datafield tag="999" ind1=" " ind2=" ">
    <subfield code="c">402211</subfield>
    <subfield code="d">402211</subfield>
  </datafield>
  <controlfield tag="001"> 121797 </controlfield>
  <controlfield tag="003">UA-OsUOA</controlfield>
  <controlfield tag="005">20200220150051.0</controlfield>
  <controlfield tag="007">ta</controlfield>
  <controlfield tag="008">20170330b un ||||| |||| 00| 0 ukr d</controlfield>
  <datafield tag="040" ind1=" " ind2=" ">
    <subfield code="a">UA-OsUOA</subfield>
    <subfield code="b">ukr</subfield>
    <subfield code="c">UA-OsUOA</subfield>
    <subfield code="d">UA-OsUOA</subfield>
  </datafield>
  <datafield tag="041" ind1=" " ind2=" ">
    <subfield code="a">ukr</subfield>
  </datafield>
  <datafield tag="080" ind1=" " ind2=" ">
    <subfield code="a">908</subfield>
  </datafield>
  <datafield tag="090" ind1=" " ind2=" ">
    <subfield code="a">908</subfield>
    <subfield code="b">&#x414;43</subfield>
  </datafield>
  <datafield tag="100" ind1=" " ind2=" ">
    <subfield code="a">&#x414;&#x437;&#x44F;&#x440;&#x43D;&#x43E;&#x432;&#x438;&#x447; &#x41E;.</subfield>
  </datafield>
  <datafield tag="245" ind1=" " ind2=" ">
    <subfield code="a">&#x411;&#x435;&#x440;&#x435;&#x441;&#x442;&#x44F;</subfield>
    <subfield code="c">&#x41E;. &#x414;&#x437;&#x44F;&#x440;&#x43D;&#x43E;&#x432;&#x438;&#x447; </subfield>
  </datafield>
  <datafield tag="300" ind1=" " ind2=" ">
    <subfield code="a">&#x421;. 172&#x2013;173</subfield>
  </datafield>
  <datafield tag="650" ind1=" " ind2="7">
    <subfield code="a">908 &#x41A;&#x440;&#x430;&#x454;&#x437;&#x43D;&#x430;&#x432;&#x441;&#x442;&#x432;&#x43E;</subfield>
    <subfield code="2">UDC</subfield>
  </datafield>
  <datafield tag="773" ind1="0" ind2=" ">
    <subfield code="0">351403</subfield>
    <subfield code="9">231650</subfield>
    <subfield code="d">&#x41A;. &#x411;&#x430;&#x43B;&#x442;&#x456;&#x44F;-&#x414;&#x440;&#x443;&#x43A; 2006</subfield>
    <subfield code="o">147141</subfield>
    <subfield code="t">&#x41A;&#x43D;&#x44F;&#x437;&#x456; &#x41E;&#x441;&#x442;&#x440;&#x43E;&#x437;&#x44C;&#x43A;&#x456;</subfield>
    <subfield code="w">(UA-OsUOA) 109426 </subfield>
    <subfield code="z">978-611-516-009-9</subfield>
  </datafield>
  <datafield tag="942" ind1=" " ind2=" ">
    <subfield code="c">BKA</subfield>
    <subfield code="2">udc</subfield>
  </datafield>
  <datafield tag="955" ind1=" " ind2=" ">
    <subfield code="a">1</subfield>
  </datafield>
</record>
